قر ۃ ا لعين حيد ر کی يا د ميں:حق تو يہ ہے کہ ا دا نہ ہو ا / (Record no. 165750)

MARC details
000 -LEADER
fixed length control field 00773nam a22001937a 4500
005 - DATE AND TIME OF LATEST TRANSACTION
control field 20230608104429.0
010 ## - LCCN (DPL NO)
LC control number UR-10270
020 ## - INTERNATIONAL STANDARD BOOK NUMBER
International Standard Book Number 9789387829596
Terms of availability 400.00
035 ## - SYSTEM CONTROL NUMBER
System control number U-8825
037 ## - SOURCE OF ACQUISITION
Source of stock number/acquisition DBAD/PUB
082 ## - DEWEY DECIMAL CLASSIFICATION NUMBER
Classification number 840.8
100 ## - MAIN ENTRY--PERSONAL NAME
Personal name بٹ نثا ر عز يز
245 ## - TITLE STATEMENT
Title قر ۃ ا لعين حيد ر کی يا د ميں:حق تو يہ ہے کہ ا دا نہ ہو ا /
Statement of responsibility, etc بٹ نثا ر عز يز
246 ## - VARYING FORM OF TITLE
Remainder of title Qurratul-Ain Haider ki Yaad main : Haq to Yeh Hai Ke Haq Ada Na Huwa(Urdu) /
Title proper/short title by Nisar Aziz Butt
260 ## - PUBLICATION, DISTRIBUTION, ETC. (IMPRINT)
Place of publication, distribution, etc Delhi
Name of publisher, distributor, etc Educational Publishing House
Date of publication, distribution, etc 2018 ء
270 ## - ADDRESS
Address 3191،Vakil Street,Kucha Pandit,Lal Kuan,
City Delhi
Postal code 110006
Telephone number 23216162
Fax number 00911123211540
300 ## - PHYSICAL DESCRIPTION
Extent 319 ص
Dimensions 22cm(Hb)
942 ## - ADDED ENTRY ELEMENTS (KOHA)
Source of classification or shelving scheme Dewey Decimal Classification
Item type Urdu Bks
Classification part 840.8
Call number suffix ب ٹ ن
Holdings
Withdrawn status Lost status Not for loan Collection code Home library Current library Date acquired Source of acquisition Cost, normal purchase price Full call number Barcode Copy number Cost, replacement price Koha item type
      Non-fiction Ashok Vihar Andrews Gunj 28/06/2019 DBAD/PUB 400.00 840.8 ب ٹ ن U-8825 1 400.00 Urdu Bks

© Delhi Public Library
Hit Counter
free hit counter